MDQL
is popping MORE tags! Check the
thread
!
Quizzes
Events
Quiz Creation
Community
Videos
Private Events
Remove Ads
Sign In
Join for FREE
Feedback
Dark Mode
Quiz Categories
Sports
Geography
Music
Movies
Television
Just For Fun
Miscellaneous
History
Literature
Language
Science
Gaming
Entertainment
Religion
Holiday
For Kids
Quiz Lab
Recent
Popular Today
Quiz Kudos Today
Editor Picks
Curator Picks
Quizzes by...
Day
Popularity
Type
Ratings
Length
Year
Community
Subscriptions
Recent Discussions
Orange Saloon
Badges
Playlists
Quests
Create
Leaderboards
Showdown
Live 5
Trivia Bingo
Activity
Puzzle Library
Sporcle Events
Private Events
Virtual Trivia
Globe League
Become a Host
Pub Owners
SporcleCon
Opinionation
Our Games
Videos
Blog
Mobile Apps
Partnerships
Remove Ads and Go Orange
Feedback
Sports
Athletes
MLB
NBA
NHL
NFL
Soccer
Sports Teams
WWE
NCAA
Football
Premier League
Basketball
Baseball
Hockey
Golf
Tennis
Cricket
Rugby
Auto Racing
Olympics
World Cup
Sports
Athletes
MLB
NBA
NHL
NFL
Soccer
Sports Teams
WWE
NCAA
Football
Premier League
Basketball
Baseball
Hockey
Golf
Tennis
Cricket
Rugby
Auto Racing
Olympics
World Cup
Random Quiz
Search Sporcle
×
Quiz Lab
Quiz Lab
Sports
World
Type in answers that appear in a list
Type in answers that appear in a list
Classic
Best Score? Go Orange.
Women's Bars World Champions Stats
Can you name the women's uneven bars World Champions in artistic gymnastics?
By
beanz
10m
34 Questions
598 Plays
598 Plays
598 Plays
Comments
Comments
Give Quiz Kudos
Give Quiz Kudos
-
- Ratings
hide this ad
Replay
Link that replays current quiz
Next Quiz
Link to next quiz in quiz playlist
You Got
0%
They Got
Avg Score
55%
Avg Friend Score
Upgrade to see
Score Distribution
Jump to the score distribution portion of the page
Score
0/34
Timer
10:00
0
Plays Today
Year
Gymnast
% Correct
2005
Nastia Liukin
90.6%
2006
Beth Tweddle
90.3%
2011
Viktoria Komova
88.8%
1995
Svetlana Khorkina
85.6%
1996
Elena Piskun/Svetlana Khorkina (tie)
85.6%
1997
Svetlana Khorkina
85.6%
1999
Svetlana Khorkina
85.6%
2001
Svetlana Khorkina
85.6%
2010
Beth Tweddle
85.1%
2009
He Kexin
83.6%
2003
Hollie Vise/Chellsie Memmel (tie)
80.8%
1994
Luo Li
80.3%
2017
Fan Yilin
79.3%
2018
Nina Derwael
79.2%
1993
Shannon Miller
78.6%
2002
Courtney Kupets
68.1%
2007
Ksenia Semenova
67.6%
Year
Gymnast
% Correct
1989
Fan Di/Daniela Silivas (tie)
66.6%
1979
Ma Yanhong/Maxi Gnauck (tie)
62.7%
1987
Dorte Thummler/Daniela Silivas (tie)
62%
1992
Lavinia Milosovici
58.4%
1958
Larissa Latynina
56.7%
2014
Yao Jinnan
55.3%
1981
Maxi Gnauck
54.7%
1983
Maxi Gnauck
54.7%
1991
Kim Gwang Suk
54.7%
2013
Huang Huidan
51.8%
1970
Karin Janz
39.8%
1978
Marcia Frederick
34.9%
2015
Victoria Komova|Daria Spiridonova|Madison Kocian|Fan Yilin
34.7%
1966
Natalia Kuchinskaya
24.6%
1985
Gabriele Fahnrich
17.7%
1974
Annelore Zinke
13%
1962
Irina Pervuschina
6.4%
Quiz Playlist
Details
Report
Send in Message
Add To Playlist
Classic:
Type in answers that appear in a list
Quiz Source
Last Updated: Jun 24, 2018
Quiz Scoreboard
CHALLENGE
Sign Up to Join the Scoreboard
Show All
Scores
Hide
Comments
May contain spoilers
Recently Published
Image Sorting: Flags VI
by Barbecue
Geography
2m
Find the 'City' Movie
by crazypaving
Movies
60s
Colored Red Africa Blitz
by spor1
Geography
45s
More to Explore
Quiz From the Vault
Featured Blog Post
14 Easter Pick-up Lines to Find Eggs With
hide this ad
You Might Also Like...
Tags
Artist Quiz
Country Quiz
World Quiz
bar
champion
Gymnast
Gymnastics
Women
World Championships
Today's Top Quizzes in Sports
Browse Sports
hide this ad
Today's Top Quizzes in World
Browse World
Top Contributed Quizzes in Sports
1
Les meilleurs buteurs des matchs entre le PSG et l’OM
2
Les entraîneurs de l'OM et du PSG au 21e siècle
3
Les joueurs passés par le PSG et l'OM
4
2022 World Cup Stars
5
Players with Multiple 50 Home Run Seasons
6
Criteria MLB: Left Handed Sluggers
7
Les joueurs passés par le LOSC et le RC Lens
8
NBA Logic Puzzle 2.0
9
MLB Players with Two .350 Batting Average Seasons
10
FIFA Club World Cup Champions
Explore More
Trending Topics
Anime
NBA
Harry Potter
Marvel
Kpop
Disney
Crossword
NFL
Song
WWE
Country
The Office
Soccer
Puzzle
Pokémon
hide this ad
More By:
beanz
Quiz
Plays
Rating
Category
Featured
Created
Women's Olympic All-Around Medalists
2,258
4.50
Sports
Oct 4, 2009
Women's Olympic Figure Skating Medalists
1,451
3.86
Sports
Oct 4, 2009
Women's World All-Around Medalists
1,002
4.80
Sports
Oct 4, 2009
Gymnastics US National Champions (Women)
824
5.00
Sports
Nov 22, 2009
Women's Bars World Champions
598
5.00
Sports
Nov 19, 2009
Go to Creator's Profile
Score Distribution
Quiz Creator Spotlight
beanz
Follow
Send a Message
Quizzes Created
-
Created Quiz Play Count
-
More By This Creator
Popular Quizzes Today
1
Colored Red Africa Blitz
2
Find the US States - No Outlines Minefield
3
Find the 'City' Movie
4
5x2 Blitz: Bands
5
The Countries of the World
6
Find the US States
7
Find the Countries of Europe - No Outlines Minefield
8
US States
More Sports Quizzes
French Ligue 1 Winners
Quiz Lab
Trending Quizzes
Colored Red Europe Blitz I
Colored Red Europe Blitz II
Colored Red Africa Blitz II
Colored Red Europe Blitz III
Colored Red Africa Blitz III
Recently Updated
How Do You Spell That?
pecheneg
Godzilla Movies
pecheneg
Grab Bag: 4-10 Letters
pecheneg
2024 March Madness Bracket
pecheneg
Famous TV Couples
Peacemaker
Champions League XIs: Real Madrid
pecheneg
Largest US Cities 1790-2010
pecheneg
Rides in Walt Disney World
pecheneg
Most Oscar Losses (Acting)
pecheneg
Beyoncé Albums
pecheneg
Trending Topics
Disney
Marvel
NBA
Crossword
Kpop
Harry Potter
Anime
Puzzle
NFL
The Office
Soccer
WWE
Pokémon
Country
Song
Your Account Isn't Verified!
In order to create a playlist on Sporcle, you need to verify the email address you used during registration. Go to your
Sporcle Settings
to finish the process.
Report this User
Report this user for behavior that violates our
Community Guidelines
.
Details:
Send Report
Go to the Sporcle.com Mobile Site →
Comments